The p-center problem in a unicyclic graph

Bibliographic Details
Main Author: Hassan, Mohamed (Author)
Format: Article
Language:English
PhysicalDescription:Obr. 1. Res. slov., rus., lit. 13 zázn. v angl.
Subjects:

MARC

LEADER 00000nab a2200000 a 4500
001 vtls000415199
003 SK-MaSNL
005 20260318140910.0
008 230223c1987 xo 0 eng
015 |a SNBRA19rr/mm-uuuuu 
035 |a CL0415324 
035 |a (urnnbn)urn:nbn:sk:snk:ar-0068kp 
035 |a (uuid)3e755a71-bec2-4763-8d7c-eb078378072a 
035 |a urn:nbn:sk:snk-ab84b4 
040 |a SNKBUCL  |b slo  |c SNKBUCL  |e AACR2 
041 0 |a eng 
044 |a xo  |c SK 
080 |a 519.17:510.52  |2 1981 
080 |a 510.52  |2 1981 
100 1 |a Hassan, Mohamed  |4 aut  |9 1181985 
245 1 4 |a The p-center problem in a unicyclic graph  |c Mohamed Hassan 
300 |b Obr. 1. Res. slov., rus., lit. 13 zázn. v angl. 
650 0 7 |a grafy a schémy  |2 snkbucl  |9 82272 
650 0 7 |a algoritmy zložitosti  |2 snkbucl  |9 1181986 
655 7 |a články zo zborníkov  |2 snkbucl  |9 166140 
773 0 |t Acta mathematica Universitatis Comenianae 50-51  |d Bratislava : Alfa, 1987  |g S. 15-26 
850 |a Slovenská národná knižnica v Martine  |a MTA001 
852 |a SNK  |b KIS3GCP 
958 |a NB 
958 |a RK 
958 |a OND 
958 |a EUIPO 
958 |a article9 
992 |a RZB 
999 |c 2047113  |d 2049043